Loading...
Beliefs | 5 | 12.00 | 80% | 40% | 0% |
Fine Arts - Classical Music and Opera | 5 | 12.00 | 100% | 20% | 0% |
Fine Arts - Other Fine Arts | 4 | 10.00 | 50% | 50% | 0% |
Fine Arts - Visual Fine Arts | 3 | 10.00 | 100% | 0% | 0% |
Geography | 2 | 5.00 | 50% | 0% | 0% |
History - European History | 2 | 15.00 | 100% | 0% | 50% |
History - Other History | 4 | 12.50 | 100% | 25% | 0% |
History - US History | 3 | 10.00 | 67% | 33% | 0% |
History - World History | 4 | 12.50 | 75% | 50% | 0% |
Literature - American Literature | 8 | 15.00 | 88% | 50% | 13% |
Literature - British Literature | 6 | 11.67 | 100% | 0% | 17% |
Literature - European Literature | 6 | 13.33 | 100% | 33% | 0% |
Literature - World Literature | 3 | 13.33 | 100% | 33% | 0% |
Modern World | 3 | 10.00 | 67% | 0% | 33% |
Other Academic | 3 | 16.67 | 100% | 67% | 0% |
Philosophy | 3 | 10.00 | 100% | 0% | 0% |
Science - Astronomy | 1 | 10.00 | 100% | 0% | 0% |
Science - Biology | 2 | 5.00 | 50% | 0% | 0% |
Science - Chemistry | 3 | 10.00 | 67% | 33% | 0% |
Science - Other Science | 4 | 20.00 | 100% | 75% | 25% |
Science - Physics | 1 | 10.00 | 100% | 0% | 0% |
Social Science | 4 | 2.50 | 25% | 0% | 0% |